La compensación urbanistica, principio y sistema (Registro nro. 3078)
[ vista simple ]
| 000 -LEADER | |
|---|---|
| fixed length control field | 02658 a2200217 4500 |
| 001 - CONTROL NUMBER | |
| control field | 39680 |
| 005 - DATE AND TIME OF LATEST TRANSACTION | |
| control field | 20260407155653.0 |
| 008 - FIXED-LENGTH DATA ELEMENTS--GENERAL INFORMATION | |
| fixed length control field | 260407a arg spa d |
| 003 - CONTROL NUMBER IDENTIFIER | |
| control field | AR-UNSa-BCEJYS |
| 040 ## - CATALOGING SOURCE | |
| Original cataloging agency | AR-UNSa-BCEJYS |
| Language of cataloging | spa |
| Transcribing agency | AR-UNSa-BCEJYS |
| 080 ## - UNIVERSAL DECIMAL CLASSIFICATION NUMBER | |
| Universal Decimal Classification number | 711.4 |
| Common auxiliary subdivision | Ordenación urbana. Desarrollo urbano. Áreas edificadas. Conurbaciones. Asentamientos |
| 020 ## - INTERNATIONAL STANDARD BOOK NUMBER | |
| International Standard Book Number | 84-7088-416-6 |
| 041 ## - LANGUAGE CODE | |
| Language code of text/sound track or separate title | spa |
| 100 1# - MAIN ENTRY--PERSONAL NAME | |
| Personal name | Martín Blanco, Jose S. |
| 245 10 - TITLE STATEMENT | |
| Title | La compensación urbanistica, principio y sistema |
| 264 #1 - PRODUCTION, PUBLICATION, DISTRIBUTION, MANUFACTURE, AND COPYRIGHT NOTICE | |
| Place of production, publication, distribution, manufacture | Madrid : |
| Name of producer, publisher, distributor, manufacturer | Instituto de Estudios de Administración Local |
| 300 ## - PHYSICAL DESCRIPTION | |
| Extent | 529 p. |
| Dimensions | 21 cm. |
| 505 ## - FORMATTED CONTENTS NOTE | |
| Formatted contents note | Parte I: Consideraciones preliminares sobre la compensación urbanistica : 1. El principio de compensación dentro del marco de los principios informantes de la legislación urbanistica - 2. La fuente legal del sistema de compensación - 3. Concepto, definición legal y caracteres del sistema de compensación - 4. Elección y adopción del sistema de compensación - 5. Los sujetos del sistema de compensación - 6. El contenido del sistema(I). Las cargas urbanisticas - derecho de los propietarios - 7. El contenido del sistema (II). Los deberes de los propietarios - 8. La actuación efectiva del contenido a través del cumplimiento de las cargas urbanisticas - Parte II: La junta de compensación como estructura personificante del sistema(I) la estática de la junta de compensación : 9. Formación, constitución y clasificación de la junta de compensación - 10. La naturaleza jurídica de la junta de compensación - 11. Los estatutos de la junta de compensación - 13. Las bases de actuación de la junta - Parte III: La junta de compensación en funcionamiento (II) La dinámica de la junta de compensación : 13. El proyecto de compensación - 14. La cesión de terrenos y obras de urbanización - 15. La ejecución y costeamiento de las obras de urbanización - 16. La adjudicación de los solares y la carga de edificar - 17. La conservación de la urbanización como carga de la junta de compensación - 18. Trasformación y extinción de la junta de compensación - Parte IV: regimen jurídico y fiscal de las juntas de compensación: 19. El regimen fiscal de las transmisiones de terrenos y adjudicaciones de salores en las juntas de compensación - 20. Regimen legal de responsabilidades, acciones y recursos - Parte V: La ley 4/84, de 10 de febrero, de la comunidad autonoma de Madrid : 21. Sistema de compensación y costos de urbanización de 10 po 100 de aprovechamiento medio en la ley 4/84, de 10 de febrero, de la comunidad autonoma de Madrird. |
| 590 ## - LOCAL NOTE (RLIN) | |
| Local note | niveau_biblio:m niveau_hierar:0 |
| 942 ## - ADDED ENTRY ELEMENTS (KOHA) | |
| Koha item type | |
| Withdrawn status | Lost status | Damaged status | Not for loan | Home library | Current library | Shelving location | Date acquired | Total checkouts | Full call number | Barcode | Date last seen | Price effective from | Koha item type |
|---|---|---|---|---|---|---|---|---|---|---|---|---|---|
| Biblioteca Prof. Eusebio Cleto del Rey | Biblioteca Prof. Eusebio Cleto del Rey | 07/04/2026 | 711.4 M378 | L58209 | 07/04/2026 | 07/04/2026 | Libro |